Statistics for Australian Football League Teams

Click here to take the quiz!

General Stats

  • This quiz has been taken 5 times
  • The average score is 13 of 18

Answer Stats

Answers% Correct
Adelaide Crows
100%
Geelong Cats
100%
Richmond Tigers
100%
Brisbane Lions
80%
Collingwood Magpies
80%
Fremantle Dockers
80%
Gold Coast Suns
80%
Kangaroos
80%
Saint Kilda Saints
80%
Sydney Swans
80%
Western Bulldogs
80%
Carlton Blues
60%
Essendon Bombers
60%
Greater Western Sydney Giants
60%
Hawthorne Hawks
60%
Port Adelaide Power
60%
Melbourne Demons
40%
West Coast Eagles
40%

Score Distribution

Percentile by Number Answered

Percent of People with Each Score

Your Score History

You have not taken this quiz